| 000 | 00416cam a2200169ua 4500 | ||
|---|---|---|---|
| 020 | _c1.00 | ||
| 041 |
_amal _h |
||
| 082 |
_a894.8124 _bMUN/OT |
||
| 100 | _aJoseph, Mundassery . | ||
| 245 |
_aOttanottathil / _cJoseph Mundassery. _hTextual Documents |
||
| 260 |
_aThrissur : _bThe Mangalodayam Pvt Ltd , _c1960. |
||
| 300 | _a83 ; . | ||
| 365 | _a1.00 | ||
| 504 | _a | ||
| 942 | _cBK | ||
| 999 |
_c5929 _d5929 |
||